000 00871nam0a2200289 4500
001 RU\NLR\bibl\146029
005 20250618045935.0
010 _a5-88801-218-1
021 _aRU
_b2000-48715
_92242
035 _a(NLR Aleph) 000143083
090 _a819522
_c819522
100 _a20010403d2000 |||y0rusy50 ca
101 0 _arus
102 _aRU
105 _aa |||||||||
200 1 _aНэцкэ
_f[Авт.-сост. С.С. Панков]
210 _aСПб.
_cТимошка
_d2000
215 _a157, [1] с.
_cил.
_d10
225 1 _aСерия "Мини-книга"
606 0 _aСкульптура малых форм японская
_91733530
_3RU\NLR\auth\66775042
686 _aЩ133(5Я)-465.5
702 1 _aПанков
_bС. С.
_4220
801 0 _aRU
_bNLR
_c20010403
_gPSBO
801 1 _aRU
_bNLR
_c20010403
942 _cBOOK
980 _aNB